000 00783nam a2200253Ia 4500
003 OSt
005 20220918184827.0
006 a|||||r|||| 00| 0
007 ta
008 220917b |||||||| |||| 00| 0 eng d
024 _a48,250
037 _cTextual
040 _aARTS
_cARTS
_beng
041 _2eng
_aeng
082 _aP:3p1,N69, L2
110 _aConference On The Goals Of Linguistic Theory (University Of Texas) (1969)
_966756
245 0 _aProceedings ed by Stanley Peters
260 _aEnglewood
_bCliffs Prentice Hall
_c1972
300 _aviii,226p.
_ccm.
650 _aLINGUISTICS
700 _aConference On The Goals Of Linguistic Theory (University Of Texas) (1969)
_966757
942 _hP:3p1,N69, L2
_cTEXL
_2CC
999 _c177920
_d177920